Statistics for APOEL's 2011-12 Champions League Run

Click here to take the quiz!

General Stats

  • This quiz has been taken 12 times
  • The average score is 10 of 16

Answer Stats

RoundClubClub NationScoreline% Correct
Group Stage - Matchday 3PortoPortugal1-1
100%
Group Stage - Matchday 4PortoPortugal2-1
100%
Quarter-Final - First LegReal MadridSpain0-3
100%
Quarter-Final - Second LegReal MadridSpain5-2
100%
Round of 16 - First LegOlympique LyonnaisFrance1-0
92%
Round of 16 - Second LegOlympique LyonnaisFrance1-0 (Won on Penalties 4-3)
92%
Group Stage - Matchday 2Shakhtar DonetskUkraine1-1
83%
Group Stage - Matchday 6Shakhtar DonetskUkraine0-2
83%
Group Stage - Matchday 1Zenit St. PetersburgRussia2-1
83%
Group Stage - Matchday 5Zenit St. PetersburgRussia0-0
83%
Third Qualifying Round - First LegSlovan BratislavaSlovakia0-0
25%
Third Qualifying Round - Second LegSlovan BratislavaSlovakia0-2
25%
Play-Off Round - First LegWisła KrakówPoland1-0
17%
Play-Off Round - Second LegWisła KrakówPoland3-1
17%
Second Qualifying Round - First LegSkënderbeu KorçëAlbania0-2
8%
Second Qualifying Round - Second LegSkënderbeu KorçëAlbania4-0
8%

Score Distribution

Percentile by Number Answered

Percent of People with Each Score

Your Score History

You have not taken this quiz